000 00540nam a22002057a 4500
003 KOHA_MİRAKIL
005 20260324115735.0
008 260324b tu ||||| |||| 00| 0 tur d
020 _a9786259252070
040 _aTR-AnABB
_btur
_cTR-AnABB
041 _atur
082 _a8184203
_bSIN 2025
100 1 _aSinan, Nevzat
245 1 0 _aMatador /
_cNevzat Sinan
260 _aAnkara :
_bRuna Yayınevi,
_c2025
300 _a154 sayfa :
_c20 cm
500 _aYazar İmzalı
650 0 4 _aGezi yazıları
942 _2ddc
_cBK
999 _c10009
_d10009
900 _bCem ÖZOGLU